Normal view
MARC view
- Tutoría en la educación
Entry Materia
Number of records used in: 225
001 - NÚMERO DE CONTROL DEL REGISTRO
- campo de control: 5718
003 - IDENTIFICADOR DE NUMERO DE CONTROL
- campo de control: UPN
005 - FECHA Y HORA DE LA ÚLTIMA TRANSACCIÓN
- campo de control: 20240304131808.0
008 - DATOS DE LONGITUD FIJA
- campo de control de longitud fija: 220823n||acnnnbabn | ana |d
035 ## - NÚMERO DE CONTROL DEL SISTEMA
- Número de control del sistema: UPN10000005718
040 ## - FUENTE DE LA CATALOGACIÓN
- Centro catalogador de origen: UPN
- Lengua de catalogación: spa
- Agencia de transcripción: UPN
150 ## - ENCABEZAMIENTO - TEMÁTICO
- Término de materia o nombre geográfico como elemento inicial: Tutoría en la educación
550 ## - VÉASE ADEMÁS - MATERIA
- Encabezamiento temático o nombre geográfico como elemento de entrada: Tutores (Educación)
670 ## - FUENTE EN LA QUE SE LOCALIZARON DATOS
- Cita de la fuente: LC/P
- Información localizada: Mentoring in education
902 ## - CATALOGADOR
- Catalogador: BDV/020207
